Perspektiven der Wirtschaftspolitik <eine> Zeitschrift des Vereins für Socialpolitik
Na minha lista:
| Formato: | Periódico |
|---|---|
| Idioma: | alemão |
| Publicado em: |
Oxford
Blackwell Publ.
|
| Assuntos: | |
| Tags: |
Sem tags, seja o primeiro a adicionar uma tag!
|
MARC
| LEADER | 00000nas1a2200000 4500 | ||
|---|---|---|---|
| 001 | s122606 | ||
| 005 | 20250708095246.8 | ||
| 022 | |a 1465-6493 | ||
| 022 | |a 1468-2516 | ||
| 041 | 0 | |a ger | |
| 044 | |a GB | ||
| 245 | 1 | 0 | |a Perspektiven der Wirtschaftspolitik |b <eine> Zeitschrift des Vereins für Socialpolitik |
| 264 | 1 | |a Oxford |b Blackwell Publ. | |
| 610 | 2 | 0 | |a politika hospodárska |